00358nam a2200133Ia 4500003000400000008004100004040001600045082001500061100001700076245005500093260003600148300001000184650003000194GCL140319s9999 xx 000 0 eng d aGCL / cGCL04a778.5bB M1 aBROWN, BLAIN10aMOTION PICTURE AND VIDEO LIGHTING / cBROWN, BLAIN a[S.N] : bFOCAL PRESS ، c1996 a214 P04aCINEMATOGRAPHY - LIGHTING